000 nam a22 7a 4500
999 _c8132
_d8132
008 171129b xxu||||| |||| 00| 0 eng d
100 _aNCERT
_94572
245 _aHindi-5
260 _aNew Delhi